[Event "HCL-E1536"]
[Site "www.playchess.de"]
[Date "2006.01.31"]
[Round "5"]
[White "ippuli"]
[Black "pgschumy"]
[WhiteElo "1614"]
[BlackElo "1794"]
[PlyCount "60"]
[Result "0-1"]

1.e4 {Happy new year! Good luck...}  c5 {Happy New 
Year! From Bucharest, Romania! GG}  2.d4 {How is 
Romania today?}  cxd4 {Wonderful country! Like 
always. I&#8217;m a sport journalist, I&#8217;m 
writing about motorsports. So&#8230;what is new in 
Finland? (Kimi Raikkonen is one of the best 
drivers in F1 ever.My favorite is Jenson 
Button...not so good, but...)}  3.c3 
{But...but...but...Button!! Here is nothing new in 
motorsports (I don't follow that much), the 
President election coming soon and so on. Kimi 
will win if the car is strong enough!!}  dxc3 
4.Bc4 {Greetings from snow!! Hole day coming....}  
cxb2 5.Bxb2 e6 6.Nf3 Nc6 7.O-O Nf6 8.Re1 Be7 9.e5 
Ng4 10.Re4 Nh6 11.Nc3 d5 12.exd6 Qxd6 13.Qb3 O-O 
14.Rd1 Qc5 15.a3 Nf5 16.Na4 Qa5 17.Bc3 Qc7 18.Rg4 
e5 19.Re4 Nd6 20.Bxe5 Nxe5 21.Nxe5 Nxe4 22.Nxf7 
Qf4 23.Ng5+ Kh8 24.Nxe4 Qxe4 25.Bd3 Be6 26.Qc2 Qc6 
27.Re1 Qxc2 28.Bxc2 Rac8 29.g3 Rxc2 30.Rxe6 
Bxa3 0-1

[Event "HCL-M844"]
[Site "www.playchess.de"]
[Date "2006.01.31"]
[Round "29"]
[White "spidey"]
[Black "temple"]
[WhiteElo "1897"]
[BlackElo "1794"]
[PlyCount "71"]
[Result "0-1"]

1.e4 d5 2.exd5 Nf6 3.d4 Nxd5 4.c4 Nf6 5.Nc3 g6 
6.Be2 Bg7 7.Nf3 O-O 8.O-O b6 9.Bf4 Bb7 10.Re1 e6 
11.Rc1 a6 12.b3 Nbd7 13.d5 exd5 14.cxd5 Nh5 15.Bg5 
Bf6 16.Be3 Bg7 17.d6 cxd6 18.Qxd6 Ne5 19.Qxb6 Qxb6 
20.Bxb6 Nxf3+ 21.Bxf3 Bxf3 {Happy New Year!}  
22.gxf3 {Happy New Year!}  Nf4 23.Re4 Nd3 24.Rd1 
Nxf2 25.Kxf2 Bxc3 26.Rd7 Kg7 27.Rc4 Be5 28.Bc7 Bf6 
29.b4 Rfe8 30.a4 Re7 31.Rxe7 Bxe7 32.Ke3 f5 33.Kd4 
Kf7 34.Kd5 Bd8 35.b5 axb5 36.a5 0-1

[Event "HCL-A2505"]
[Site "www.playchess.de"]
[Date "2006.01.31"]
[Round "29"]
[White "Genesio"]
[Black "cabe"]
[WhiteElo "1065"]
[BlackElo "1415"]
[PlyCount "68"]
[Result "0-1"]

1.e4 {Welcome!}  e5 {Hello! Have a good game!}  
2.Nf3 {to you...}  Nf6 3.Nxe5 d6 4.Nf3 Nxe4 5.d4 
g6 6.Bd3 d5 7.Be3 Bg7 8.O-O O-O 9.Nbd2 Bg4 10.Bxe4 
dxe4 11.Nxe4 Nc6 12.c3 Re8 13.Ng3 Qd5 14.b3 Bxf3 
15.Qxf3 Qxf3 16.gxf3 b6 17.Rad1 Ne7 18.Rfe1 Nd5 
19.Ne4 f5 20.Ng5 Nxc3 21.Rdc1 Nd5 22.Rc6 Bxd4 
23.Re6 Bxe3 24.fxe3 Rxe6 25.Nxe6 Re8 26.Nf4 Rxe3 
27.Rxe3 Nxe3 28.Kf2 Nc2 29.Ne6 c5 30.Ke2 Nb4 31.a3 
Nc2 32.a4 Na1 33.Kd3 Nxb3 34.Kc4 
Nd2+ 0-1

[Event "ACL-M080"]
[Site "www.playchess.de"]
[Date "2006.01.31"]
[Round "18"]
[White "unconnected"]
[Black "Loge"]
[WhiteElo "2146"]
[BlackElo "1984"]
[PlyCount "53"]
[Result "1-0"]

1.e4 e5 2.Nf3 Nf6 3.d4 Nxe4 4.Bd3 d5 5.Nxe5 Nd7 
6.Nxd7 Bxd7 7.O-O Qh4 8.c4 O-O-O 9.c5 g5 10.Nc3 
Bg7 11.g3 Qh3 12.Nxe4 dxe4 13.Bxe4 Bb5 14.Bg2 Qf5 
15.Be3 Bxf1 16.Bxf1 Kb8 17.Qa4 c6 18.Rd1 h5 19.Bg2 
Rd7 20.d5 Rhd8 21.d6 g4 22.b4 a6 23.Bxc6 bxc6 
24.Qxc6 Rc8 25.Qxa6 Qe4 26.b5 Qf3 
27.Rd3 1-0

[Event "HCL-C4110"]
[Site "www.playchess.de"]
[Date "2006.01.31"]
[Round "8"]
[White "nichju"]
[Black "dg"]
[WhiteElo "1034"]
[BlackElo "1210"]
[PlyCount "92"]
[Result "0-1"]

1.e4 {Hello and good luck}  e5 {Hi there...u2}  
2.Nf3 d6 3.Nc3 Bg4 4.Be2 Qf6 5.Nd5 Qd8 6.d4 c6 
7.Nb4 exd4 8.Qxd4 Nf6 9.Bg5 c5 10.Bb5+ Ke7 11.Nd5+ 
Ke6 12.Qd3 a6 13.Bc4 Kd7 14.e5 h6 15.e6+ Bxe6 
16.Bxf6 gxf6 17.Qc3 Bxd5 18.Bxd5 Rg8 19.g3 Qe7+ 
20.Kf1 Nc6 21.Re1 Ne5 22.Bxb7 Ra7 23.Bd5 Bg7 
24.Qb3 Rc7 25.Qa4+ Kd8 26.Qxa6 Ra7 27.Qb6+ Qc7 
28.Qb5 Nxf3 29.Re2 Nd4 {why dident u take it?}  
30.Qd3 Nxe2 31.Qxe2 Re8 32.Qg4 Qa5 33.Kg2 Bh8 
34.Qf4 Qb6 35.Bxf7 Rxf7 36.Qf3 Qxb2 37.Qa8+ Kc7 
38.Qxe8 Rd7 39.Qxh8 Qxc2 40.Qa8 Qe4+ 41.Kh3 Qxa8 
{thank u :)}  42.f4 {I am stupid}  Qxh1 {me 
too...move before that was not clever from me}  
43.a4 h5 44.a5 Qf1+ 45.Kh4 Qg2 46.a6 
Qxh2+ 0-1

[Event "HCL-A2482"]
[Site "www.playchess.de"]
[Date "2006.01.31"]
[Round "16"]
[White "taroak"]
[Black "AidyT"]
[WhiteElo "1418"]
[BlackElo "1345"]
[PlyCount "57"]
[Result "1-0"]

1.g3 e6 2.Bg2 d5 3.c4 Nc6 4.cxd5 exd5 5.d4 Nf6 
6.Nc3 Bb4 7.Bg5 Be6 8.Nh3 O-O 9.O-O h6 10.Bd2 Qd7 
11.Nf4 Nxd4 12.Ncxd5 Bxd2 13.Nxf6+ gxf6 14.e3 Nc6 
15.Nh5 Qe7 16.Qxd2 Bg4 17.Nf4 Rad8 18.Qc3 Qe5 
19.Rac1 Rd6 20.Qc2 Bf5 21.Qe2 Rfd8 22.Rfd1 Nd4 
23.Rxd4 R6xd4 24.exd4 Rxd4 25.Qh5 Kh7 26.Qxf7+ Kh8 
27.Bh3 c6 28.Bxf5 Qxf5 29.Ng6+ 1-0

[Event "HCL-B3847"]
[Site "www.playchess.de"]
[Date "2006.01.31"]
[Round "15"]
[White "Russ"]
[Black "evets"]
[WhiteElo "1200"]
[BlackElo "1392"]
[PlyCount "82"]
[Result "0-1"]

1.e4 e6 2.e5 d5 3.d4 c5 4.Nf3 Qb6 5.Nc3 Nc6 6.Bb5 
Bd7 7.dxc5 Bxc5 8.O-O Nxe5 9.Bxd7+ Nxd7 10.Bf4 
Ngf6 11.Ne5 Nxe5 12.Bxe5 Rd8 13.Na4 Qb4 14.c3 Qb5 
15.Bxf6 gxf6 16.b3 Bd6 17.Qd4 Be5 18.Qxa7 Rg8 
19.Rab1 Qc6 20.g3 h5 21.b4 h4 22.b5 Qc7 23.Qe3 
hxg3 24.fxg3 f5 25.Rbe1 f6 26.Qh6 f4 27.Qh5+ Kf8 
28.g4 d4 29.Rxe5 fxe5 30.cxd4 Rxd4 31.Qh6+ Kf7 
32.Nb2 Qc5 33.Qh7+ Rg7 34.Qh5+ Ke7 35.Qh4+ Kd7 
36.Kh1 Rd2 37.Qh3 Qd5+ 38.Rf3 Rxb2 39.Kg1 Qd1+ 
40.Rf1 Rxg4+ 41.Kh1 Qd5+ 0-1

[Event "HCL-A2471"]
[Site "www.playchess.de"]
[Date "2006.01.31"]
[Round "22"]
[White "AidyT"]
[Black "golddim"]
[WhiteElo "1345"]
[BlackElo "1480"]
[PlyCount "96"]
[Result "0-1"]

1.e4 {Hi from Scotland and good luck.}  e5 {Cheers 
from sunny Israel :)}  2.Nf3 {Its raining here!}  
Nc6 3.Bb5 a6 4.Ba4 Nf6 5.O-O b5 6.Bb3 Be7 7.Re1 d6 
8.Nc3 O-O 9.d3 Na5 10.Nd2 Bb7 11.h3 c5 12.a3 Nxb3 
13.cxb3 Re8 14.b4 cxb4 15.axb4 d5 16.Na2 dxe4 
17.dxe4 Qd4 18.Qe2 Bxb4 19.Rd1 Bxd2 20.Rxd2 Qxe4 
21.Qxe4 Bxe4 22.Rd6 Red8 23.Rxd8+ Rxd8 24.Be3 Bb7 
25.Nb4 Nd5 26.Nxd5 Rxd5 27.Rc1 Rd7 28.b4 f6 29.Bc5 
Kf7 30.Kf1 Ke6 31.Ke2 Bxg2 32.h4 g6 33.Be3 f5 
34.Rc8 Bb7 35.Re8+ Re7 36.Rd8 f4 37.Bc5 Rd7 
38.Re8+ Kf5 39.f3 Bc6 40.Rf8+ Ke6 41.Re8+ Kd5 
42.Kd3 a5 43.Kc3 a4 44.Kd3 Bb7 45.Rg8 Ke6+ 46.Ke2 
a3 47.Re8+ Kd5 48.Kd2 a2 0-1

[Event "HCL-C4057"]
[Site "www.playchess.de"]
[Date "2006.01.31"]
[Round "2"]
[White "ama49"]
[Black "Farquhart"]
[WhiteElo "1190"]
[BlackElo "550"]
[PlyCount "47"]
[Result "1-0"]

1.e4 {Good luck}  e5 2.Nf3 d6 3.d4 Nc6 4.dxe5 dxe5 
5.Qxd8+ Nxd8 6.Nxe5 Bb4+ 7.c3 Bc5 8.Bb5+ c6 9.Ba4 
b5 10.Bb3 Nf6 11.Nd2 h5 12.O-O Ng4 13.Ndf3 Ne6 
14.Nxc6 Bd7 15.Bd5 Rc8 16.Ncd4 Nxd4 17.Nxd4 Bd6 
18.Nf3 h4 19.h3 Ne5 20.Nxe5 Bxe5 21.Be3 O-O 22.f4 
Bf6 23.e5 Be7 24.Bxa7 1-0

[Event "HCL-B3819"]
[Site "www.playchess.de"]
[Date "2006.01.31"]
[Round "1"]
[White "schnitzly"]
[Black "VITAL"]
[WhiteElo "1301"]
[BlackElo "1232"]
[PlyCount "117"]
[Result "1-0"]

1.e4 {Hallo und viel Spass!}  e5 {hallo}  2.Nf3 
Qf6 3.Nc3 c6 4.Bc4 d6 5.d3 h6 6.h3 Be6 7.Bxe6 fxe6 
8.O-O d5 9.a3 d4 10.Ne2 Ne7 11.Ng3 Ng6 12.Nh5 Qf7 
13.Bd2 Be7 14.Bb4 Nf4 15.Nxf4 Bxb4 16.Nxe5 Qxf4 
17.Ng6 Qf6 18.Nxh8 Bd6 19.Qh5+ Kd7 20.Qf7+ Be7 
21.Qxf6 Bxf6 22.Ng6 Kd6 23.Rfe1 Nd7 24.f4 e5 
25.fxe5+ Bxe5 26.Nxe5 Kxe5 27.Ref1 g6 28.Rf7 Ke6 
29.Raf1 Re8 30.Rg7 Ne5 31.Rxb7 Re7 32.Rxe7+ Kxe7 
33.b3 Kd6 34.g4 h5 35.gxh5 gxh5 36.Rf5 c5 37.Rxh5 
Nf3+ 38.Kf2 Nd2 39.Rh6+ Ke5 40.Ra6 Kf4 41.Rxa7 Nb1 
42.h4 Nc3 43.h5 Nd1+ 44.Ke2 Nc3+ 45.Ke1 Kg5 46.e5 
Nd5 47.e6 Kf6 48.e7 Kf7 49.h6 Nf6 50.a4 Kg6 51.Ra8 
Kf7 52.e8Q+ Nxe8 53.Rxe8 Kxe8 54.h7 Kf7 55.h8Q Ke6 
56.Qd8 Ke5 57.a5 Kf4 58.Qe8 Kf3 
59.a6 1-0

[Event "HCL-C4091"]
[Site "www.playchess.de"]
[Date "2006.01.31"]
[Round "2"]
[White "ivofle"]
[Black "CincinnattiKid"]
[WhiteElo "812"]
[BlackElo "969"]
[PlyCount "52"]
[Result "0-1"]

1.e4 e5 2.a3 Nf6 3.Nc3 Bc5 4.Nf3 Ng4 5.Qe2 Bxf2+ 
6.Kd1 Bb6 7.Nd5 Nf2+ 8.Ke1 Nxh1 9.d4 exd4 10.Nxb6 
axb6 11.Nxd4 Qh4+ 12.Kd1 Nf2+ 13.Kd2 Nxe4+ 14.Kd3 
d5 15.Be3 c5 16.Nb5 c4+ 17.Kd4 Qd8 18.Bf4 O-O 
19.b3 Nc6+ 20.Ke3 Re8 21.g4 Nf6+ 22.Kf3 Rxe2 
23.Bxe2 Bxg4+ 24.Ke3 Bxe2 25.Kxe2 Qe7+ 26.Kf3 
Qe4+ 0-1

[Event "HCL-T255"]
[Site "www.playchess.de"]
[Date "2006.01.31"]
[Round "21"]
[White "puddschini"]
[Black "gsmaior"]
[WhiteElo "2002"]
[BlackElo "1975"]
[PlyCount "82"]
[Result "0-1"]

1.e4 e5 2.Nf3 Nc6 3.Bb5 a6 {greetings from Brazil, 
Rio de Janeiro, a nice game to you !}  4.Bxc6 {Hi, 
welcome in this tournament and greetings from 
Oer-Erkenschwick in Germany. Good luck and enjoy 
the game.
Regards
Joerg}  dxc6 {Thank you !}  5.O-O f6 6.d4 Bg4 7.c3 
Bd6 8.dxe5 fxe5 9.Qb3 Bxf3 10.gxf3 b6 11.Qc4 Qd7 
12.Be3 b5 13.Qb3 Ne7 14.Nd2 Ng6 15.a4 Nh4 16.Kh1 
Qh3 17.Rfg1 Nxf3 18.Rg2 Nxd2 19.Bxd2 Qd7 20.Be3 
Qf7 21.Qd1 g6 22.Bh6 Qe6 23.Qe2 Bf8 24.Bg5 Bg7 
25.axb5 cxb5 26.b4 Rf8 27.Rg3 Bf6 28.Be3 Be7 
29.Rd1 Rd8 30.Rgg1 Rxd1 31.Rxd1 Kf7 32.Kg2 Kg7 
33.Rd5 Rd8 34.Rxd8 Bxd8 35.Qd2 Be7 36.f3 h5 37.Qd5 
Qxd5 38.exd5 Kf6 39.Kf2 Kf5 40.Ke2 e4 41.Bd4 
Kf4 0-1

[Event "HCL-B3785"]
[Site "www.playchess.de"]
[Date "2006.01.31"]
[Round "22"]
[White "handrej68"]
[Black "RUDI"]
[WhiteElo "1437"]
[BlackElo "1239"]
[PlyCount "47"]
[Result "1-0"]

1.d4 d5 2.Bg5 f6 3.Bh4 Bf5 4.e3 e6 5.Bd3 Bxd3 
6.cxd3 Nh6 7.Nc3 Bd6 8.Qh5+ Nf7 9.Qg4 O-O 10.f4 
Bb4 11.Nge2 Qd6 12.Bxf6 g6 13.Ng3 Qc6 14.O-O Bxc3 
15.bxc3 Nd7 16.Nh5 Nxf6 17.Nxf6+ Kh8 18.Rf3 Nd6 
19.Qxe6 Qxc3 20.Raf1 Qxd3 21.Rh3 h5 22.Nxh5 Nf7 
23.Nf6+ Kg7 24.Rh7+ 1-0

[Event "HCL-E1446"]
[Site "www.playchess.de"]
[Date "2006.01.31"]
[Round "30"]
[White "jonaslo"]
[Black "luciano59"]
[WhiteElo "1727"]
[BlackElo "2252"]
[PlyCount "96"]
[Result "0-1"]

1.e4 {hello from Rome, good luck in the game!}  e5 
{hi from Massa Marittima and good game}  2.Nf3 Nc6 
3.Bb5 f5 4.Nc3 fxe4 5.Nxe4 d5 6.Nxe5 dxe4 7.Nxc6 
Qg5 8.Qe2 Nf6 9.f4 Qxf4 10.d4 Qd6 11.Ne5+ c6 
12.Bc4 Be6 13.c3 Bxc4 14.Nxc4 Qe6 15.O-O Be7 
16.Bg5 O-O 17.Rae1 Rae8 18.Nd2 Qd5 19.Bxf6 Bxf6 
20.Kh1 Bh4 21.g3 e3+ 22.Nf3 Bd8 23.b3 Ba5 24.c4 
Qh5 25.Red1 Bc7 26.Kg2 Qg4 27.d5 cxd5 28.Rxd5 Rf7 
29.Rd4 Qe6 30.Rd5 Qg4 31.Rd4 Qe6 32.Rd5 {(offering 
draw)}  Qe4 33.Rd4 Qe7 34.Re1 Ba5 35.Rf1 Ref8 
36.Rd3 Bb6 37.Rd5 a6 38.Rd3 Kh8 39.Rd5 Kg8 {happy 
2006!}  40.Rd3 {Happy New Year to you too!}  Qe6 
41.Rd5 Ba7 42.Rd3 g5 43.Rd5 g4 44.Rg5+ Kh8 45.Qb2+ 
R7f6 46.Re5 Qc6 47.Rd5 e2 48.Qxe2 
gxf3+ 0-1

[Event "HCL-E1478"]
[Site "www.playchess.de"]
[Date "2006.01.31"]
[Round "5"]
[White "baggur"]
[Black "ID"]
[WhiteElo "1617"]
[BlackElo "2000"]
[PlyCount "98"]
[Result "1/2-1/2"]

1.e4 {Good luck from Reykjavik Iceland}  e5 2.Nf3 
Nc6 3.Bb5 a6 4.Ba4 Nf6 5.O-O Be7 6.Re1 b5 7.Bb3 d6 
8.h3 Be6 9.c3 Bxb3 10.axb3 O-O 11.d4 exd4 12.Nxd4 
Nxd4 13.Qxd4 Re8 14.Bg5 Nd7 15.Bxe7 Qxe7 16.Nd2 c5 
17.Qe3 Nf6 18.c4 b4 19.Qd3 Qe5 20.Qc2 Qf4 21.f3 a5 
22.Nf1 Re5 23.Qd2 Qxd2 24.Nxd2 Re7 25.Nf1 Nd7 
26.Red1 Ra6 27.Ne3 Nf6 28.Nf5 Re6 29.Ra2 g6 30.Ne3 
Re7 31.Nd5 Nxd5 32.Rxd5 f6 33.Kf2 Kf7 34.Ra1 Ke6 
35.Ke3 Kd7 36.Kf4 Kc7 37.h4 Re6 38.h5 Re5 39.hxg6 
hxg6 40.Rh1 Re7 41.Rh6 Rg7 42.g4 a4 43.bxa4 Rxa4 
44.b3 Ra3 45.Rd3 Ra8 46.g5 Rf8 47.gxf6 Rxf6+ 
48.Kg5 Re6 49.Rd5 {(offering draw)}  Kd7 
{(offering draw)}  1/2-1/2

[Event "HCL-B3785"]
[Site "www.playchess.de"]
[Date "2006.01.31"]
[Round "2"]
[White "dynamike"]
[Black "handrej68"]
[WhiteElo "1479"]
[BlackElo "1437"]
[PlyCount "107"]
[Result "1-0"]

1.d4 d5 2.Nf3 Bf5 3.Nc3 c6 4.Bf4 Nf6 5.h3 e6 6.Nh4 
Bg6 7.Nxg6 hxg6 8.Bg5 Nbd7 9.e4 dxe4 10.Nxe4 Qa5+ 
11.Bd2 Qb6 12.Nxf6+ gxf6 13.Bc3 Bb4 14.Qd2 Bxc3 
15.Qxc3 Rh4 16.Rd1 O-O-O 17.d5 Qb4 18.Qxb4 Rxb4 
19.dxc6 bxc6 20.Ba6+ Kc7 21.b3 Re4+ 22.Be2 Nb6 
23.f3 Rxd1+ 24.Kxd1 Rd4+ 25.Kc1 Nd5 26.Bd3 Nf4 
27.Rd1 Nxg2 28.c3 Rh4 29.Rd2 Ne1 30.Bf1 f5 31.Rf2 
Rf4 32.Be2 e5 33.Kd2 Nxf3+ 34.Rxf3 Rxf3 35.Bxf3 e4 
36.Bg2 Kd6 37.a4 Ke5 38.b4 f4 39.c4 Kd4 40.b5 e3+ 
41.Ke2 cxb5 42.cxb5 Kc5 43.Bc6 a6 44.Be8 g5 
45.bxa6 Kb6 46.Bxf7 Kxa6 47.Bc4+ Ka5 48.Kf3 Kxa4 
49.Kg4 Kb4 50.Be2 Kc3 51.Kxg5 Kd2 52.Bf3 Ke1 
53.Kxf4 Kf2 54.h4 1-0

[Event "HCL-C4072"]
[Site "www.playchess.de"]
[Date "2006.01.31"]
[Round "1"]
[White "Doris"]
[Black "Grunert"]
[WhiteElo "537"]
[BlackElo "959"]
[PlyCount "54"]
[Result "0-1"]

1.e4 e5 2.Nf3 d6 3.Nc3 Nc6 4.Bc4 h6 5.O-O a6 6.a4 
Nf6 7.Bd3 g5 8.Na2 Bg7 9.c4 O-O 10.b3 a5 11.Ba3 
Re8 12.h3 b6 13.Nc3 Ba6 14.Qc2 Nd4 15.Qd1 d5 
16.Bb2 dxc4 17.bxc4 Qd7 18.Nxd4 exd4 19.Ne2 Nxe4 
20.f3 Nc5 21.Re1 Nxd3 22.Rf1 Nxb2 23.Qc2 d3 24.Qb1 
dxe2 25.Rc1 Nd3 26.Ra3 Nxc1 27.Re3 
Rxe3 0-1

[Event "HCL-B3763"]
[Site "www.playchess.de"]
[Date "2006.01.31"]
[Round "12"]
[White "Regicide"]
[Black "TNT2"]
[WhiteElo "990"]
[BlackElo "1200"]
[PlyCount "36"]
[Result "0-1"]

1.e4 {G'day}  g6 {Welcome and good luck.}  2.d4 
Bg7 3.c3 {Thank you - I always forget the 
fianchetto until it takes a piece}  d6 4.Bb5+ c6 
5.Bd3 Nf6 6.Bg5 Nbd7 7.Nf3 O-O 8.Qd2 Qc7 9.Bf4 e5 
10.dxe5 dxe5 11.Bxe5 Nxe5 12.Ng5 Rd8 13.Qe3 Rxd3 
14.Qc5 Qd8 15.Ke2 Nfd7 16.Qb4 Qxg5 17.Rd1 Rxd1 
18.Kxd1 Nd3 0-1

[Event "HCL-C4077"]
[Site "www.playchess.de"]
[Date "2006.01.31"]
[Round "9"]
[White "rouldf"]
[Black "SECOND"]
[WhiteElo "800"]
[BlackElo "800"]
[PlyCount "49"]
[Result "1-0"]

1.d4 Nf6 2.c4 e5 3.Nc3 exd4 4.Qxd4 Nc6 5.Qd1 Bb4 
6.Bg5 Bxc3+ 7.bxc3 h6 8.Bh4 d6 9.e3 O-O 10.Nf3 Be6 
11.Nd4 Ne5 12.Nxe6 fxe6 13.Be2 Ng6 14.Bg3 Ne4 
15.Qc2 Qf6 16.O-O Nxg3 17.fxg3 Qg5 18.Qe4 Ne5 
19.Rf4 c6 20.Raf1 Qg6 21.Qd4 Rfd8 22.c5 Qc2 
23.cxd6 Qxe2 24.Qxe5 Qxa2 25.R4f7 1-0

[Event "HCL-C4063"]
[Site "www.playchess.de"]
[Date "2006.01.31"]
[Round "3"]
[White "Milosforman"]
[Black "cheloveck"]
[WhiteElo "878"]
[BlackElo "976"]
[PlyCount "60"]
[Result "0-1"]

1.d4 d5 2.Nf3 g6 3.e3 Bg7 4.Bb5+ c6 5.Ba4 Bf5 6.b3 
Nd7 7.Bb2 b5 8.Bxb5 Qa5+ 9.Bc3 Qxb5 10.a4 Qb7 
11.Nbd2 Ngf6 12.h3 O-O 13.O-O Ne4 14.Nxe4 Bxe4 
15.Ng5 Nf6 16.Nxe4 Nxe4 17.Qd3 Qd7 18.Bb2 Bf6 
19.c4 Rab8 20.c5 Qf5 21.Qa6 Rxb3 22.Ra2 Rfb8 
23.Ba3 R3b1 24.Rxb1 Rxb1+ 25.Kh2 Nxf2 26.Rxf2 Qxf2 
27.Qc8+ Kg7 28.Qxc6 Qg1+ 29.Kg3 Qxe3+ 30.Kg4 
h5+ 0-1

[Event "HCL-A2574"]
[Site "www.playchess.de"]
[Date "2006.01.31"]
[Round "4"]
[White "kilani"]
[Black "SMA"]
[WhiteElo "1700"]
[BlackElo "1175"]
[PlyCount "50"]
[Result "1/2-1/2"]

1.e4 e5 2.Nf3 Nc6 3.Bc4 Bc5 4.c3 Nf6 5.O-O Nxe4 
6.d4 exd4 7.cxd4 d5 8.dxc5 dxc4 9.Qxd8+ Kxd8 
10.Rd1+ Bd7 11.Be3 Ke7 12.Nbd2 Nxd2 13.Rxd2 Bg4 
14.Re1 Bxf3 15.gxf3 Rhe8 16.Bf4+ Kf6 17.Rxe8 Rxe8 
18.Bxc7 Re7 19.Bg3 Re1+ 20.Kg2 Ke6 21.Rd6+ Kf5 
22.Rd7 Re7 23.Rd5+ Kg6 24.h4 Re2 25.h5+ Kf6 
{(offering draw)}  1/2-1/2

[Event "HCL-A2578"]
[Site "www.playchess.de"]
[Date "2006.01.31"]
[Round "8"]
[White "archship"]
[Black "Alex77"]
[WhiteElo "1231"]
[BlackElo "1372"]
[PlyCount "78"]
[Result "1/2-1/2"]

1.e4 e5 2.Nf3 Nc6 3.d4 exd4 4.Nxd4 Qh4 5.Nb5 Qxe4+ 
6.Qe2 Qxe2+ 7.Bxe2 Kd8 8.N1c3 Bb4 9.a3 Bxc3+ 
10.Nxc3 Nf6 11.Bg5 d6 12.O-O Re8 13.Rfe1 Bf5 
14.Bb5 Kd7 15.Bxf6 gxf6 16.Nd5 Re6 17.Rxe6 fxe6 
18.Nxf6+ Ke7 19.Nh5 Bg6 20.Nf4 Bxc2 21.Re1 e5 
22.Nd5+ Kd7 23.Rc1 Bb3 24.Nb4 Rf8 {(offering 
draw)}  25.Nxc6 bxc6 26.Bxc6+ Kd8 27.Bf3 d5 28.Rc3 
Bc4 29.b3 e4 30.Bg4 Bb5 31.f3 Rf4 32.h3 Bd7 
33.Bxd7 Kxd7 34.fxe4 dxe4 35.Re3 Kd6 36.g3 Rf5 
37.Rxe4 Rf3 38.Rd4+ Ke5 39.Rd7 Rxg3+ {(offering 
draw)}  1/2-1/2

[Event "HCL-B3708"]
[Site "www.playchess.de"]
[Date "2006.01.31"]
[Round "10"]
[White "dOoOb"]
[Black "Regicide"]
[WhiteElo "800"]
[BlackElo "949"]
[PlyCount "77"]
[Result "1-0"]

1.e4 e5 {Bom dia}  2.c4 {Bom dia!
Boa partida !}  d6 3.Nf3 f6 4.Nc3 Bd7 5.Be2 c5 
6.O-O Nc6 7.d3 g5 8.h3 Nh6 9.Be3 a5 10.Nd2 Nb4 
11.a3 Nc6 12.Bh5+ Ke7 13.Nd5+ Ke6 14.Bg4+ f5 
15.exf5+ Nxf5 16.Bxf5+ Kxf5 17.Qg4+ Kg6 18.Qf3 h5 
19.Qe4+ Bf5 20.Qf3 Bxd3 21.Rfd1 Bg7 22.Ne4 Rf8 
23.Bxg5 Bxe4 24.Qxe4+ Kxg5 25.h4+ Kh6 26.Qe3+ Kh7 
27.Rdf1 Bh6 28.Qd3+ Kg8 29.Nc3 Rf4 30.Ne2 Rxh4 
31.g3 e4 32.Qc3 Rg4 33.f3 Bg7 34.Qc2 Nd4 35.Nxd4 
Bxd4+ 36.Kg2 h4 37.fxg4 e3 38.Qg6+ Bg7 
39.Rf7 1-0

[Event "HCL-B3775"]
[Site "www.playchess.de"]
[Date "2006.01.31"]
[Round "18"]
[White "Regicide"]
[Black "pytolo98"]
[WhiteElo "986"]
[BlackElo "1285"]
[PlyCount "81"]
[Result "1-0"]

1.e4 {I nearly failed to lose to you this year!}  
e5 2.Qh5 Qf6 3.Qe2 Bc5 4.Nh3 d6 5.a3 Bxh3 6.gxh3 
Nc6 7.c3 Nge7 8.b4 Bb6 9.Bg2 O-O 10.a4 a5 11.b5 
Nd8 12.Rf1 d5 13.Ba3 c5 14.exd5 Nxd5 15.Bxd5 Re8 
16.d3 Qf4 17.f3 Qh4+ 18.Kd2 Qxa4 19.Rg1 Qxb5 
20.Bc4 Qd7 21.Kc2 Qxh3 22.Rg3 Qf5 23.Nd2 Qd7 
24.Ne4 Kf8 25.Bxc5+ Bxc5 26.Nxc5 Qc6 27.Ne4 b5 
28.Bd5 Qxd5 29.Ng5 Kg8 30.Ne4 Re6 31.c4 bxc4 
32.dxc4 Rc6 33.Ra3 Rxc4+ 34.Rc3 Rac8 35.Nf6+ Kf8 
36.Nxd5 R4c5 37.Qxe5 Ne6 38.Qd6+ Kg8 39.Ne7+ {I 
think it may be third time lucky; thanks for the 
game}  Kf8 {Maybe you are lucky, but certainly i'm 
an ass!!}  40.Nxc8+ {I have to admit that at least 
2 games out of three - I'm sure your average is 
lower!}  Ke8 41.Qe7+ 1-0

[Event "HCL-B3823"]
[Site "www.playchess.de"]
[Date "2006.01.31"]
[Round "21"]
[White "RUDI"]
[Black "Bense"]
[WhiteElo "1234"]
[BlackElo "1044"]
[PlyCount "119"]
[Result "1-0"]

1.e4 {do I have a dejavu? Hi!}  e5 {yes you may 
have. Hi.}  2.Nf3 d6 3.Bc4 c6 4.d3 Ne7 5.O-O a5 
6.Ng5 d5 7.exd5 cxd5 8.Bb3 a4 9.Qf3 f6 10.Bxd5 
Qxd5 11.Qxd5 Nxd5 12.Nf3 Bd6 13.Be3 {is your 
finish getting better?}  Nxe3 {Unfortunately no!}  
14.Rc1 {so I still got some hope for this game...} 
 Nf5 {Very much so however I need to win one game 
from you to keep you challanged!}  15.Re1 {no,no - 
I fell totally challanged already...}  O-O 16.c3 
Nd7 17.Nbd2 Nc5 18.d4 exd4 19.Nxd4 Nxd4 20.cxd4 
Nd3 21.Re3 {so it really looks like I made enough 
mistakes this time and you get the point}  Nf4 {I 
hope so but I know your a tricky one! I'm leaving 
nothing to chance.}  22.Rae1 {ok, you deserve to 
win, if you get this through as planned}  Bb4 
23.Rd1 Bxd2 24.Rxd2 Rd8 25.g3 Nd5 26.Re1 b5 27.Rc2 
Nb4 28.Rc7 Nd3 29.Re3 Nxb2 30.d5 Nc4 31.Ree7 Nd6 
32.Rexg7+ Kf8 33.Rgxh7 Rd7 34.Rcxd7 Bxd7 35.Rxd7 
Nc4 36.Rb7 Nd6 37.Rb6 Ke7 38.f4 Ra7 39.g4 a3 
40.Kg2 Ra4 41.Kf3 Rd4 42.h4 Rd2 43.h5 Rxa2 44.g5 
fxg5 45.fxg5 Rc2 46.h6 a2 47.Ra6 b4 48.h7 {a tight 
race indeed!}  Rc8 {You know my end game!}  
49.Rxa2 {had some pleasant experiences, yes.}  
Rf8+ {yes}  50.Kg4 b3 51.Rb2 Kf7 {Do you also 
share a computer with Nachju}  52.Rxb3 {no, just 
IRONMAIDEN}  Rh8 53.Rh3 Kg6 54.Rh6+ {I`m winning, 
I guess.}  Kg7 {yes}  55.Rxd6 Kxh7 56.Rh6+ Kg7 
57.Rxh8 Kxh8 58.d6 Kg8 59.d7 Kf8 60.d8Q+ {the end 
is near, time to say good bye for me. See you 
around, for a bettered ending game!} 
 1-0

[Event "HCL-E1538"]
[Site "www.playchess.de"]
[Date "2006.01.31"]
[Round "7"]
[White "Matu"]
[Black "redstar"]
[WhiteElo "1461"]
[BlackElo "1790"]
[PlyCount "104"]
[Result "0-1"]

1.Nf3 c5 2.b3 Nf6 3.Bb2 g6 4.g3 Bg7 5.Bg2 Nc6 
6.O-O O-O 7.e3 d6 8.d4 cxd4 9.Nxd4 Qc7 10.a3 a6 
11.Nd2 Bd7 12.c4 Rab8 13.Rc1 e5 14.Nxc6 bxc6 
15.Qc2 Qb6 16.b4 a5 17.c5 dxc5 18.Qxc5 axb4 
19.Qxb6 Rxb6 20.axb4 Rxb4 21.Bxe5 Nd5 22.Bxg7 Kxg7 
23.Rc5 Ne7 24.Rfc1 Rfb8 25.Nf3 R4b5 26.Rxb5 Rxb5 
27.Nd4 Rb6 28.Bf3 Kf8 29.Kf1 Ke8 30.Ke2 Kd8 31.h4 
Kc7 32.Rc2 Kd6 33.Kd2 Nf5 34.Nxf5+ Bxf5 35.Ra2 Be6 
36.Rc2 Ra6 37.Be2 Ra2 38.Rxa2 Bxa2 39.Kc3 f6 
40.Bc4 Bxc4 41.Kxc4 f5 42.f3 c5 43.g4 fxg4 44.fxg4 
Ke5 45.Kxc5 Ke4 46.Kd6 Kxe3 47.Ke5 Kf3 {it looks 
like a win for me?}  48.h5 {i´m still hoping for a 
draw}  Kxg4 {hope is the last to die}  49.hxg6 
hxg6 50.Ke4 Kg3 51.Ke3 g5 52.Ke2 
Kg2 0-1

[Event "HCL-E1564"]
[Site "www.playchess.de"]
[Date "2006.01.31"]
[Round "10"]
[White "Matu"]
[Black "Emerson"]
[WhiteElo "1538"]
[BlackElo "1790"]
[PlyCount "38"]
[Result "1/2-1/2"]

1.Nf3 {Auf ein Neues und viel Glück}  d6 {Yess! 

:-)}  2.b3 e5 3.Bb2 Be6 4.g3 c5 5.Bg2 Nc6 6.a3 Qd7 
7.O-O Be7 8.e3 f6 9.c4 Nh6 10.Nc3 Bh3 11.d4 Bxg2 
12.Kxg2 O-O-O 13.dxc5 dxc5 14.Qxd7+ Rxd7 15.Rad1 
Rhd8 16.Rxd7 Rxd7 17.Rd1 Rxd1 18.Nxd1 Na5 {Tja, 
sieht nicht so aus, als könnte ich mit Schwarz 
meine "0" in unserer Bilanz wegräumen.}  19.Nd2 
{das hoffe ich doch}  Nf7 {(offering draw)} 
 1/2-1/2

[Event "HCL-C4060"]
[Site "www.playchess.de"]
[Date "2006.01.31"]
[Round "9"]
[White "IRONMAIDEN"]
[Black "Milosforman"]
[WhiteElo "1406"]
[BlackElo "863"]
[PlyCount "107"]
[Result "1-0"]

1.e4 c5 2.Bc4 e6 3.d3 d6 4.Nf3 Bd7 5.Be3 Nc6 6.O-O 
a6 7.c3 Be7 8.Qe2 b5 9.Bb3 a5 10.d4 c4 11.Bc2 a4 
12.Nbd2 e5 13.d5 Na5 14.a3 Bg4 15.Qe1 Bxf3 16.Nxf3 
Nf6 17.g3 O-O 18.Kh1 Ng4 19.Nd2 Nxe3 20.Qxe3 Bg5 
21.Qe2 Nb3 22.Bxb3 axb3 23.Nf3 f5 24.Nxg5 Qxg5 
25.f3 f4 26.gxf4 Rxf4 27.Rfg1 Qh4 28.Qg2 g6 29.Qg3 
Qf6 30.Raf1 Kf7 31.Qh3 h5 32.Rg2 g5 33.Qxh5+ Ke7 
34.Qh7+ Qf7 35.Qxf7+ Rxf7 36.Rxg5 Kf6 37.Rf5+ Ke7 
38.Rxf7+ Kxf7 39.Rg1 Rg8 40.Rxg8 Kxg8 41.Kg2 Kg7 
42.Kg3 Kg6 43.Kg4 Kf6 44.h4 Kg6 45.f4 exf4 46.Kxf4 
Kf6 47.Kg4 Kg6 48.e5 dxe5 49.d6 Kf7 50.Kf5 Ke8 
51.Kxe5 Kd7 52.h5 Ke8 53.Ke6 Kd8 
54.h6 1-0